Význam a obsah tři druhů rozpočtů ve švýcařské konfederaci
Salvato in:
| Autore principale: | |
|---|---|
| Natura: | Libro |
| Lingua: | ceco |
| Pubblicazione: |
Praha
Ústřední ústav národohospodářského výzkumu
1991
|
| Edizione: | 1. vyd. |
| Tags: |
Nessun Tag, puoi essere il primo ad aggiungerne!!
|
MARC
| LEADER | 00000nam a2200000 4500 | ||
|---|---|---|---|
| 001 | c024731 | ||
| 005 | 20221214095256.4 | ||
| 041 | 0 | |a cze | |
| 044 | |a CZ | ||
| 245 | 1 | 0 | |a Význam a obsah tři druhů rozpočtů ve švýcařské konfederaci |c Josef Mervart |
| 250 | |a 1. vyd. | ||
| 264 | 1 | |a Praha |b Ústřední ústav národohospodářského výzkumu |c 1991 | |
| 300 | |a 11 s. | ||
| 100 | 1 | |a Mervart, Josef | |